| 000 | 00650nam a22001937a 4500 | ||
|---|---|---|---|
| 005 | 20170508150326.0 | ||
| 020 |
_a9788131531372 _c795.00 |
||
| 035 | _aB-669754 | ||
| 037 |
_adpl _bABC/Ven. |
||
| 082 | _a530 | ||
| 100 | _aSharma, B.M. | ||
| 245 |
_aPhysics for: jee main/ _cby B.M.Sharma |
||
| 250 | _a2nd ed. | ||
| 260 |
_a Delhi _bCengage Learning India _c2016 |
||
| 270 |
_a418, F.I.E., Patparganj _bDelhi _e110092 |
||
| 300 |
_av.p. _c27cm(pbk) _bill. |
||
| 942 |
_2ddc _cEN _h530 _mSHA |
||
| 999 |
_c139596 _d139596 |
||